Gaming Quiz

Random Gaming or Decade Quiz

5 by 5 Toys by Decade Quiz Stats

 Plays Quiz Updated Jul 18, 2017

Support Sporcle.
Go Orange.
Score 0/25 Timer 05:00
0 Plays Today
Hint Answer % Correct
1950sHula Hoop
95.8%
Barbie
94.4%
Mr. Potato Head
93.6%
My Little Pony
89.9%
Magic 8 Ball
89.2%
1970sHungry Hungry Hippos
88%
Etch a Sketch
86%
G.I. Joe
85.9%
Cabbage Patch Kid
85.6%
Rubik's Cube
83.8%
1980sTransformers
83.7%
1990sFurby
77.4%
Tickle Me Elmo
74.8%
Hint Answer % Correct
Beanie Babies
72.7%
1960sBarrel of Monkeys
69%
Hot Wheels
65.4%
Pet Rock
64.5%
Rock 'Em Sock 'Em Robots
60.7%
Bop It!
56.5%
Polly Pocket
55.1%
Stretch Armstrong
52.8%
Play-Doh
52.6%
Tamagotchi
51.8%
Weebles
40.5%
Koosh
32.8%

You're not logged in!

Compare scores with friends on all Sporcle quizzes.
OR
Log In
Forgot?

From the Vault

Tracks on the Back: Debut Albums

by bhenderson79

Time to go back to the beginning.
Remove Ads.
Support Sporcle.
Get the best of Sporcle when you Go Orange. This ad-free experience offers more features, more stats, and more fun while also helping to support Sporcle. Thank you for becoming a member.

Show Comments

Extras

Top Quizzes Today


Score Distribution

Your Account Isn't Verified!

In order to create a playlist on Sporcle, you need to verify the email address you used during registration. Go to your Sporcle Settings to finish the process.

Report this User

Report this user for behavior that violates our Community Guidelines.

Details: